000 00479nam a2200193Ia 4500
001 17347
003 GE_BSU
008 181216s||||||||xx |||||||||||||| ||und||
040 _cGE_BSU
080 _a811.112
245 _aMittelpunkt. intensivtrainer lese und hoerverstehen
260 _aStuttgart
260 _c2009
300 _a103Л.60Т.
653 _aintensivtrainer lese und hoerverstehen
653 _aMittelpunkt.
653 _aქსეროქსი
942 _cBK
999 _c50403
_d50403